Polscy politycy na zdjęciach! - Statystyki

Ogólne statystyki
  • Ten quiz został rozwiązany 2 618 razy
  • Średni wynik to 16 z 20
Statystyki odpowiedzi
Obrazkowy Odpowiedź % Poprawnych
Jarosław Kaczyński
99%
Donald Tusk
98%
Lech Wałęsa
97%
Andrzej Duda
96%
Mateusz Morawiecki
96%
Janusz Korwin-Mikke
95%
Robert Biedroń
95%
Aleksander Kwaśniewski
89%
Zbigniew Ziobro
82%
Borys Budka
80%
Paweł Kukiz
80%
Władysław Kosiniak-Kamysz
79%
Grzegorz Schetyna
72%
Adrian Zandberg
69%
Włodzimierz Czarzasty
66%
Elżbieta Witek
64%
Małgorzata Kidawa-Błońska
61%
Jarosław Gowin
54%
Barbara Nowacka
51%
Katarzyna Lubnauer
44%
Nie znaleziono quizów pasujących do podanych kryteriów
Rozkład punktacji
Procent ludzi z każdym wynikiem
Percentyl według liczby udzielonych odpowiedzi
Twoja historia wyników
Nie rozwiązałeś tego quizu